| 000 | 00885cam a22002413a 4500 | ||
|---|---|---|---|
| 001 | 20839 | ||
| 003 | PGUSA | ||
| 005 | 20140828083438.0 | ||
| 008 | 070317s2007||||xxu|||||s|||||000 | eng d | ||
| 040 |
_aPGUSA _beng |
||
| 042 | _adc | ||
| 050 | 4 | _aE011 | |
| 100 | 1 |
_aMatthews, Washington, _d1843-1905 |
|
| 245 | 1 | 4 |
_aThe Mountain Chant, A Navajo Ceremony : _bFifth Annual Report of the Bureau of Ethnology to the Secretary of the Smithsonian Institution, 1883-84, Government Printing Office, Washington, 1887, pages 379-468 _h[electronic resource] / _cWashington Matthews |
| 260 |
_bProject Gutenberg, _c2007 |
||
| 506 | _aPublic domain in the USA. | ||
| 516 | _aElectronic text | ||
| 653 | _aNavajo Indians -- Rites and ceremonies | ||
| 653 | _aMountainway (Navajo rite) | ||
| 830 | 0 |
_aProject Gutenberg _v20839 |
|
| 856 | 4 | 0 | _uhttp://www.gutenberg.org/ebooks/20839 |
| 942 | _cEB | ||
| 999 |
_c250094 _d250094 |
||